[Event "Ogolnopolski Integracyjny Turniej Szacho"]
[Site "Osrodek "]
[Date "2012.??.??"]
[Round "2.7"]
[White "Wojcieszyn, Zdzislaw"]
[Black "Barnowski, Sylwester"]
[Result "1-0"]
[WhiteElo "1958"]
[BlackElo "1831"]
[PlyCount "69"]
[EventDate "2012.??.??"]

1. c4 e6 2. Nc3 Nf6 3. g3 c6 4. e4 d5 5. e5 Nfd7 6. Nf3 dxc4 7. Bxc4 Qc7 8. d4
Be7 9. Bg5 Bb4 10. O-O h6 11. Bd2 Be7 12. Rc1 Qd8 13. Qe2 Nb6 14. Bb3 Nd5 15.
Qe4 Nxc3 16. bxc3 Qc7 17. c4 c5 18. d5 Bf8 19. Rfd1 Bd7 20. Be3 g6 21. Nh4 g5
22. Ng6 Rg8 23. Nxf8 Rxf8 24. dxe6 Bxe6 25. Ba4+ Nd7 26. Bxd7+ Bxd7 27. Qd5
O-O-O 28. Qxc5 b6 29. Qxc7+ Kxc7 30. c5 b5 31. Rd6 Rfe8 32. f4 gxf4 33. Bxf4
Be6 34. Bxh6 a5 35. Bd2 1-0

[Event "Ogolnopolski Integracyjny Turniej Szacho"]
[Site "Osrodek "]
[Date "2012.??.??"]
[Round "2.8"]
[White "Zaleski, Jan"]
[Black "Staruch, Roman"]
[Result "0-1"]
[WhiteElo "1851"]
[BlackElo "1957"]
[PlyCount "54"]
[EventDate "2012.??.??"]

1. b3 d5 2. Bb2 c5 3. e3 Nc6 4. Nf3 Bg4 5. h3 Bh5 6. g4 Bg6 7. h4 h5 8. g5 Qc7
9. Nc3 O-O-O 10. Nb5 Qb8 11. d3 a6 12. Na3 e6 13. Qd2 Nge7 14. O-O-O Nf5 15.
Qe2 Rg8 16. Bh3 Bd6 17. Kb1 Ne5 18. Bg2 Nxf3 19. Bxf3 Be5 20. c3 Qc7 21. Ka1
Kb8 22. d4 cxd4 23. cxd4 Bd6 24. Rc1 Qa5 25. Qe1 Bb4 26. Bc3 Bxc3+ 27. Qxc3
Qxa3 0-1

[Event "Ogolnopolski Integracyjny Turniej Szacho"]
[Site "Osrodek "]
[Date "2012.??.??"]
[Round "2.9"]
[White "Krawcewicz, Lucyna"]
[Black "Olszewski, Jerzy"]
[Result "1-0"]
[WhiteElo "1948"]
[BlackElo "1806"]
[PlyCount "65"]
[EventDate "2012.??.??"]

1. d4 d5 2. Nf3 g6 3. c4 c6 4. e3 Bg7 5. Nc3 Nf6 6. Bd3 O-O 7. O-O Bg4 8. h3
Bxf3 9. Qxf3 e6 10. g4 dxc4 11. Bxc4 Nd5 12. Qg3 Nd7 13. Bd3 Qc7 14. Ne2 Qxg3+
15. Nxg3 e5 16. dxe5 Nxe5 17. Be2 Rad8 18. f4 Nd7 19. e4 N5b6 20. e5 Rfe8 21.
Ne4 Nc8 22. Bc4 Ndb6 23. Bb3 Nd5 24. Rd1 Ndb6 25. Be3 h6 26. h4 Kf8 27. Bc5+
Kg8 28. Kf2 Nd5 29. Bxd5 cxd5 30. Nc3 Bf8 31. Bxf8 Kxf8 32. Nxd5 Re6 33. Nc7
1-0

[Event "Ogolnopolski Integracyjny Turniej Szacho"]
[Site "Osrodek "]
[Date "2012.??.??"]
[Round "2.10"]
[White "Niecko, Stanislaw"]
[Black "Winiarski, Kazimierz"]
[Result "1/2-1/2"]
[WhiteElo "1828"]
[BlackElo "1941"]
[PlyCount "25"]
[EventDate "2012.??.??"]

1. c4 e6 2. g3 f5 3. Bg2 Nf6 4. Nc3 Be7 5. Nf3 d6 6. d4 c6 7. O-O O-O 8. Qc2 d5
9. Rd1 a5 10. b3 Na6 11. a3 Bd7 12. Ne5 Rc8 13. Bf4 1/2-1/2

[Event "Ogolnopolski Integracyjny Turniej Szacho"]
[Site "Osrodek "]
[Date "2012.??.??"]
[Round "2.11"]
[White "Najdzionek, Boleslaw"]
[Black "Panczuk, Boleslaw"]
[Result "1-0"]
[WhiteElo "1921"]
[BlackElo "1406"]
[PlyCount "55"]
[EventDate "2012.??.??"]

1. d4 d5 2. c4 e6 3. Nf3 Nf6 4. Bg5 Be7 5. e3 O-O 6. Bd3 dxc4 7. Bxc4 Nbd7 8.
O-O b6 9. Nc3 Bb7 10. Rc1 Rc8 11. Qe2 h6 12. Bh4 Re8 13. Ba6 Bxa6 14. Qxa6 Nf8
15. Rfd1 c6 16. Qe2 Ng6 17. Bxf6 Bxf6 18. Ne4 Qe7 19. Rd3 Nh4 20. Nxf6+ Qxf6
21. Nxh4 Qxh4 22. Qf3 c5 23. Rdc3 Qe7 24. b4 Qd7 25. bxc5 bxc5 26. dxc5 Rc6 27.
Qe2 Rec8 28. f3 1-0

[Event "Ogolnopolski Integracyjny Turniej Szacho"]
[Site "Osrodek "]
[Date "2012.??.??"]
[Round "2.14"]
[White "Strojek, Kazimierz"]
[Black "Zinczuk, Leon"]
[Result "1-0"]
[WhiteElo "1737"]
[BlackElo "1907"]
[PlyCount "74"]
[EventDate "2012.??.??"]

1. e4 c5 2. Nc3 Nc6 3. g3 g6 4. Bg2 Bg7 5. d3 Rb8 6. Be3 b5 7. Qd2 b4 8. Nd1 d6
9. Ne2 Qb6 10. O-O Nf6 11. h3 O-O 12. g4 e5 13. Ng3 Be6 14. b3 Rfd8 15. Bg5 d5
16. exd5 Bxd5 17. Bxd5 Rxd5 18. Ne3 Rd7 19. Nc4 Qc7 20. a4 Nd4 21. f3 Nd5 22.
Rae1 f5 23. gxf5 gxf5 24. Qg2 Kh8 25. Nh5 Rg8 26. Kh1 h6 27. Bh4 Bf6 28. Qf2
Bxh4 29. Qxh4 Nxc2 30. Rxe5 Nce3 31. Rxe3 Nxe3 32. Nxe3 Rf7 33. Nf4 Kh7 34.
Ned5 Qe5 35. Qf2 Qd6 36. Re1 Rfg7 37. Re6 Qb8 1-0

[Event "Ogolnopolski Integracyjny Turniej Szacho"]
[Site "Osrodek "]
[Date "2012.??.??"]
[Round "2.15"]
[White "Chmielowski, Stefan"]
[Black "Kowalczyk, Lucjan"]
[Result "1-0"]
[WhiteElo "1677"]
[BlackElo "2103"]
[PlyCount "67"]
[EventDate "2012.??.??"]

1. e4 c5 2. c3 Nf6 3. d3 d5 4. e5 Nfd7 5. Nf3 Nc6 6. Bf4 h6 7. h3 g5 8. Bg3 Bg7
9. Qe2 Nf8 10. Na3 Ng6 11. Nc2 O-O 12. O-O-O f5 13. d4 c4 14. Nd2 f4 15. Bh2
Bf5 16. f3 Qa5 17. Na3 b5 18. g4 Bd3 19. Qf2 b4 20. Bxd3 cxd3 21. Nb3 Qb6 22.
Nb1 Ngxe5 23. Bg1 Nd7 24. Rxd3 Qa6 25. Qe2 e5 26. cxb4 Qxa2 27. Nc5 Qc4+ 28.
Nc3 Nxc5 29. bxc5 exd4 30. Bxd4 Bxd4 31. Qe6+ Kh7 32. Rdd1 Bxc5 33. Rxd5 Be3+
34. Kc2 1-0

[Event "Ogolnopolski Integracyjny Turniej Szacho"]
[Site "Osrodek "]
[Date "2012.??.??"]
[Round "2.16"]
[White "Juraszewski, Mieczyslaw"]
[Black "Szydlowski, Wiktor"]
[Result "0-1"]
[WhiteElo "1726"]
[BlackElo "1835"]
[PlyCount "50"]
[EventDate "2012.??.??"]

1. d4 d5 2. Nf3 Nc6 3. c4 Nf6 4. Nc3 Bg4 5. e3 e5 6. dxe5 Nxe5 7. Qa4+ Bd7 8.
Qd1 Nxc4 9. Bxc4 dxc4 10. a4 Bb4 11. Qd4 Be6 12. O-O O-O 13. Ne4 Qxd4 14. Nxd4
Nxe4 15. Rd1 c6 16. f3 Nc5 17. Nc2 a5 18. Bd2 Bxd2 19. Rxd2 Nb3 20. Rad1 Nxd2
21. Rxd2 Rfd8 22. Rxd8+ Rxd8 23. Nd4 Rxd4 24. exd4 b5 25. axb5 cxb5 0-1

[Event "Ogolnopolski Integracyjny Turniej Szacho"]
[Site "Osrodek "]
[Date "2012.??.??"]
[Round "2.17"]
[White "Szynwelski, Ryszard"]
[Black "Zieba, Teofil"]
[Result "0-1"]
[WhiteElo "1414"]
[BlackElo "1772"]
[PlyCount "69"]
[EventDate "2012.??.??"]

1. e4 c5 2. g3 Nc6 3. Bg2 g6 4. Nf3 Bg7 5. d3 d6 6. Nbd2 Nf6 7. O-O O-O 8. Re1
Bg4 9. h3 Bxf3 10. Nxf3 Nd7 11. Rb1 Nde5 12. Bg5 h6 13. Be3 Nxf3+ 14. Bxf3 Ne5
15. Bg2 Kh7 16. Qd2 e6 17. f4 Nc6 18. Rf1 Bd4 19. f5 Qg5 20. Rbe1 Qxg3 21. Rf3
Qg5 22. Qf2 Bxe3 23. fxg6+ fxg6 24. Rexe3 Kg7 25. c3 Ne5 26. Rxf8 Rxf8 27. Qe2
b6 28. b3 Qf4 29. d4 cxd4 30. cxd4 Nc6 31. Rc3 Nxd4 32. Rc7+ Rf7 33. Rxf7+ Qxf7
34. Qe3 e5 35. Kh1 0-1

[Event "Ogolnopolski Integracyjny Turniej Szacho"]
[Site "Osrodek "]
[Date "2012.??.??"]
[Round "2.19"]
[White "Pioch, Zygmunt"]
[Black "Borowski, Jaroslaw"]
[Result "1/2-1/2"]
[WhiteElo "2120"]
[BlackElo "1977"]
[PlyCount "72"]
[EventDate "2012.??.??"]

1. e4 e6 2. d4 d5 3. e5 c5 4. c3 Nc6 5. Nf3 Qb6 6. Be2 cxd4 7. cxd4 Nh6 8. b3
Nf5 9. Bb2 Bb4+ 10. Kf1 h5 11. h4 Bd7 12. g3 a5 13. Kg2 Rc8 14. a3 Be7 15. Re1
g6 16. Ra2 O-O 17. Ba1 Rc7 18. Nc3 Na7 19. Bd3 Nb5 20. Nxb5 Bxb5 21. Bxf5 exf5
22. Qd2 Rfc8 23. Ng5 Bd7 24. e6 Bxe6 25. Nxe6 fxe6 26. Qh6 Kf7 27. Rae2 Bf8 28.
Qh7+ Bg7 29. Rxe6 Qxe6 30. Rxe6 Kxe6 31. Qxg6+ Bf6 32. Qxh5 Rc2 33. Qf3 Rc1 34.
Qe3+ Kf7 35. Qf3 Ke6 36. Qe2+ Kf7 1/2-1/2

[Event "Ogolnopolski Integracyjny Turniej Szacho"]
[Site "Osrodek "]
[Date "2012.??.??"]
[Round "2.20"]
[White "Janocha, Jan"]
[Black "Zatylny, Jan"]
[Result "1-0"]
[WhiteElo "1832"]
[BlackElo "1614"]
[PlyCount "43"]
[EventDate "2012.??.??"]

1. e4 e6 2. Nf3 d5 3. exd5 exd5 4. d4 Nf6 5. Bd3 Bd6 6. O-O O-O 7. c3 h6 8. Bc2
Ne4 9. Nbd2 f5 10. g3 Qf6 11. Re1 c6 12. Ne5 Nd7 13. Ndf3 Re8 14. Nxd7 Bxd7 15.
Ne5 Bxe5 16. dxe5 Qe6 17. f3 Nc5 18. Be3 Na4 19. Qd3 Nb6 20. Rad1 Qxe5 21. g4
Qf6 22. gxf5 1-0

[Event "Ogolnopolski Integracyjny Turniej Szacho"]
[Site "Osrodek "]
[Date "2012.??.??"]
[Round "2.21"]
[White "Prokopczuk, Antoni"]
[Black "Woronowicz, Zbigniew"]
[Result "1-0"]
[WhiteElo "1748"]
[BlackElo "1554"]
[PlyCount "65"]
[EventDate "2012.??.??"]

1. d4 Nf6 2. c4 e6 3. Nc3 c6 4. e4 d5 5. e5 Nfd7 6. Bd3 Be7 7. Nge2 O-O 8. cxd5
cxd5 9. Qc2 f5 10. O-O a6 11. g3 Nc6 12. a3 Rb8 13. Rb1 Qe8 14. Be3 Qg6 15. Nf4
Qf7 16. Qe2 Re8 17. Ncxd5 Bd8 18. Nc3 Nf8 19. b4 b5 20. Bc2 Bb7 21. Nd3 Rc8 22.
Nc5 Ng6 23. f4 Bb6 24. Nxb7 Qxb7 25. Qf3 Nf8 26. Bb3 a5 27. Rbc1 axb4 28. axb4
Qa8 29. Nxb5 Nxb4 30. Qe2 Nd5 31. Ra1 Qb8 32. Nd6 Bxd4 33. Bxd4 1-0

[Event "Ogolnopolski Integracyjny Turniej Szacho"]
[Site "Osrodek "]
[Date "2012.??.??"]
[Round "2.22"]
[White "Jurkiewicz, Kazimierz"]
[Black "Debowski, Stanislaw"]
[Result "1/2-1/2"]
[WhiteElo "1468"]
[BlackElo "1741"]
[PlyCount "38"]
[EventDate "2012.??.??"]

1. d4 f5 2. Bf4 d6 3. h3 Nf6 4. e3 Nc6 5. a3 Bd7 6. Nf3 e6 7. Nbd2 Ne7 8. Bg5
h6 9. Bxf6 gxf6 10. Ne5 dxe5 11. Qh5+ Ng6 12. Qxg6+ Ke7 13. dxe5 fxe5 14. Qg3
Kf6 15. Be2 h5 16. Qh4+ Kg6 17. Qg3+ Kf6 18. Qh4+ Kg6 19. Qg3+ Kf6 1/2-1/2

[Event "Ogolnopolski Integracyjny Turniej Szacho"]
[Site "Osrodek "]
[Date "2012.??.??"]
[Round "2.23"]
[White "Korycki, Jozef"]
[Black "Jagiello, Adolf"]
[Result "1-0"]
[WhiteElo "1737"]
[BlackElo "1459"]
[PlyCount "57"]
[EventDate "2012.??.??"]

1. e4 e5 2. Nf3 d6 3. c3 Bg4 4. Qb3 b6 5. Bc4 Qe7 6. d3 Bxf3 7. gxf3 h6 8. Be3
Nf6 9. Nd2 c6 10. a4 Nbd7 11. d4 g5 12. h3 Bg7 13. Rg1 Nh5 14. O-O-O Nf4 15. h4
Bf6 16. hxg5 hxg5 17. Rh1 Bg7 18. Rxh8+ Bxh8 19. Rh1 Qf8 20. d5 c5 21. Bb5 a6
22. Bc6 Ra7 23. Bxd7+ Kxd7 24. Qxb6 Nd3+ 25. Kc2 Nxf2 26. Qxa7+ Kd8 27. Qb8+
Ke7 28. Qxf8+ Kxf8 29. Rxh8+ 1-0

[Event "Ogolnopolski Integracyjny Turniej Szacho"]
[Site "Osrodek "]
[Date "2012.??.??"]
[Round "2.24"]
[White "Tomczyk, Ryszard"]
[Black "Borkowski, Jozef"]
[Result "0-1"]
[WhiteElo "1431"]
[BlackElo "1717"]
[PlyCount "69"]
[EventDate "2012.??.??"]

1. e4 e5 2. Bc4 Nf6 3. d3 Nc6 4. a3 d6 5. h3 Be6 6. Bxe6 fxe6 7. Nf3 d5 8. Qe2
Bd6 9. O-O O-O 10. b3 a5 11. Bb2 Nd7 12. Nbd2 Qf6 13. Nh2 Rf7 14. Nhf3 Raf8 15.
Rae1 Qg6 16. Bc1 Nc5 17. Nh4 Qf6 18. Nhf3 Kh8 19. Nh2 Nd4 20. Qd1 Qg6 21. c3
Nc6 22. Qe2 Nd7 23. Ndf3 Nc5 24. b4 axb4 25. axb4 Na4 26. Bd2 Nb6 27. Nh4 Qf6
28. N4f3 h6 29. Ng4 Qg6 30. exd5 Nxd5 31. Nfxe5 Nxe5 32. Nxe5 Bxe5 33. d4 Bd6
34. Qxe6 Nf6 35. Qc4 0-1

[Event "Ogolnopolski Integracyjny Turniej Szacho"]
[Site "Osrodek "]
[Date "2012.??.??"]
[Round "2.25"]
[White "Wojtowicz, Mieczyslaw"]
[Black "Budnik, Kazimierz"]
[Result "1-0"]
[WhiteElo "1716"]
[BlackElo "1423"]
[PlyCount "60"]
[EventDate "2012.??.??"]

1. e4 c5 2. Nf3 e6 3. Be2 Nf6 4. e5 Nd5 5. d3 Be7 6. O-O O-O 7. Re1 Nc6 8. a3
Nd4 9. Bf1 a5 10. Nc3 Nxc3 11. bxc3 Nf5 12. d4 b6 13. d5 exd5 14. Qxd5 Ra7 15.
Bb5 Kh8 16. Bb2 Nh4 17. Nxh4 Bxh4 18. g3 Be7 19. Rad1 Rc7 20. Qf3 Bb7 21. Qg4
Qa8 22. Rxd7 Bh1 23. Bf1 Qb7 24. Rxc7 Qxc7 25. Kxh1 Qc6+ 26. Bg2 Qb5 27. Bc1
Qb1 28. Qe2 Qa2 29. c4 Rd8 30. Bd5 h6 1-0

[Event "Ogolnopolski Integracyjny Turniej Szacho"]
[Site "Osrodek "]
[Date "2012.??.??"]
[Round "2.26"]
[White "Ostrowski, Michal"]
[Black "Krawczyk, Zbigniew"]
[Result "0-1"]
[WhiteElo "1418"]
[BlackElo "1702"]
[PlyCount "76"]
[EventDate "2012.??.??"]

1. Nf3 Nf6 2. g3 d5 3. Bg2 Nc6 4. d4 g6 5. Nbd2 Bg7 6. c3 O-O 7. O-O Re8 8. Re1
e5 9. e4 dxe4 10. Nxe4 exd4 11. Nxf6+ Bxf6 12. Rxe8+ Qxe8 13. cxd4 Bg4 14. Qd3
Bxf3 15. Bxf3 Rd8 16. Bxc6 Qxc6 17. Be3 Rd5 18. Rc1 Qd7 19. Qc4 c6 20. Qe2 Bxd4
21. Bh6 Bg7 22. Bxg7 Kxg7 23. Re1 Kf8 24. Qc4 Rd1 25. Qb4+ Kg8 26. Rxd1 Qxd1+
27. Kg2 Qd5+ 28. Kg1 c5 29. Qc3 Qd4 30. Qxd4 cxd4 31. Kf1 Kg7 32. Ke2 Kf6 33.
Kd3 Ke5 34. b4 b5 35. h4 f5 36. f4+ Kd5 37. a3 a6 38. Ke2 Ke4 0-1

[Event "Ogolnopolski Integracyjny Turniej Szacho"]
[Site "Osrodek "]
[Date "2012.??.??"]
[Round "2.27"]
[White "Pilecki, Jozef"]
[Black "Jasinska-kuzia, Lidia"]
[Result "0-1"]
[WhiteElo "1416"]
[BlackElo "1670"]
[PlyCount "56"]
[EventDate "2012.??.??"]

1. e4 c5 2. d4 cxd4 3. Qxd4 Nc6 4. Qd1 Nf6 5. Nc3 e6 6. a3 a6 7. Bc4 b5 8. Ba2
b4 9. axb4 Bxb4 10. Bd2 Bxc3 11. Bxc3 Nxe4 12. Qf3 Nxc3 13. Qxc3 Qg5 14. g3 O-O
15. Nf3 Qh5 16. O-O Bb7 17. Bc4 Rfc8 18. Be2 Ne7 19. Qd3 Qc5 20. c3 Qd5 21.
Qxd5 Nxd5 22. Rfd1 a5 23. c4 Nb6 24. b3 d5 25. cxd5 Bxd5 26. Rab1 Rc3 27. Rd3
Rxd3 28. Bxd3 Bxf3 0-1

[Event "Ogolnopolski Integracyjny Turniej Szacho"]
[Site "Osrodek "]
[Date "2012.??.??"]
[Round "2.28"]
[White "Rafalski, Krzysztof"]
[Black "Przybylak, Gabriela"]
[Result "1-0"]
[WhiteElo "1667"]
[BlackElo "1410"]
[PlyCount "49"]
[EventDate "2012.??.??"]

1. e4 c6 2. b4 e5 3. Ba3 Ne7 4. d4 d5 5. f3 Nd7 6. c3 b6 7. Bd3 Bb7 8. Ne2 Qc8
9. Nd2 a6 10. O-O Ng6 11. Bb2 Be7 12. Qb3 Qc7 13. c4 Nf4 14. dxe5 Bg5 15. Qc2
Nxe2+ 16. Bxe2 Be3+ 17. Kh1 Bg5 18. f4 Be7 19. a3 a5 20. c5 a4 21. f5 Nf8 22.
cxb6 Qxb6 23. f6 Bd8 24. fxg7 Ng6 25. gxh8=Q+ 1-0

[Event "Ogolnopolski Integracyjny Turniej Szacho"]
[Site "Osrodek "]
[Date "2012.??.??"]
[Round "2.29"]
[White "Krupecka-czarkowska, Danuta"]
[Black "Kurz, Krzysztof"]
[Result "0-1"]
[WhiteElo "1364"]
[BlackElo "1640"]
[PlyCount "89"]
[EventDate "2012.??.??"]

1. e4 c5 2. d4 cxd4 3. Qxd4 Nc6 4. Qd1 Nf6 5. Nc3 e6 6. Bd3 a6 7. Nge2 Be7 8.
Bf4 d6 9. Qd2 b5 10. O-O Bb7 11. Qc1 O-O 12. Bd2 Rc8 13. Nf4 b4 14. Nce2 a5 15.
b3 Ne5 16. Qd1 Nxe4 17. Be3 Nxd3 18. cxd3 Nc3 19. Qd2 Bf6 20. d4 Nxe2+ 21. Qxe2
d5 22. Nd3 Ba6 23. Rfd1 Qb6 24. Qb2 Rc3 25. Nc5 Rc8 26. Nd7 Qd8 27. Nc5 Qd6 28.
Nxa6 Qxa6 29. Rac1 Qb6 30. h3 Rxc1 31. Rxc1 Rxc1+ 32. Qxc1 h6 33. Qc5 Bd8 34.
Qxb6 Bxb6 35. g3 f6 36. h4 Kf7 37. Kg2 e5 38. Kf3 Bxd4 39. Bxd4 exd4 40. Ke2
Ke6 41. f4 g5 42. Kd3 gxh4 43. gxh4 Kf5 44. Kxd4 Kxf4 45. Kxd5 0-1

[Event "Ogolnopolski Integracyjny Turniej Szacho"]
[Site "Osrodek "]
[Date "2012.??.??"]
[Round "3.1"]
[White "Kiedrowicz, Jan"]
[Black "Wojcieszyn, Zdzislaw"]
[Result "1-0"]
[WhiteElo "2298"]
[BlackElo "1958"]
[PlyCount "47"]
[EventDate "2012.??.??"]

1. d4 d5 2. c4 c6 3. Nf3 e6 4. g3 Nf6 5. Nc3 Nbd7 6. Qd3 Bd6 7. Bg2 O-O 8. O-O
dxc4 9. Qxc4 e5 10. Be3 Qe7 11. Qb3 exd4 12. Bxd4 Bc5 13. Rad1 Bxd4 14. Nxd4
Nc5 15. Qa3 Re8 16. e4 Na6 17. Qxe7 Rxe7 18. h3 g6 19. f4 Nc7 20. g4 h6 21. Rd2
Bd7 22. Nb3 Rae8 23. Na5 b6 24. Nc4 1-0

[Event "Ogolnopolski Integracyjny Turniej Szacho"]
[Site "Osrodek "]
[Date "2012.??.??"]
[Round "3.2"]
[White "Staruch, Roman"]
[Black "Wojcieszyn, Jacenty"]
[Result "1-0"]
[WhiteElo "1957"]
[BlackElo "2240"]
[PlyCount "73"]
[EventDate "2012.??.??"]

1. e4 c5 2. Nf3 g6 3. c3 Bg7 4. d4 cxd4 5. cxd4 d5 6. e5 Bg4 7. Bb5+ Nc6 8. Nc3
Nh6 9. h3 Bxf3 10. Qxf3 O-O 11. Bxc6 bxc6 12. O-O f6 13. e6 Nf5 14. Qd3 Qc8 15.
Re1 Rd8 16. Na4 Nd6 17. Nc5 Ne4 18. b4 a5 19. Bd2 Rd6 20. bxa5 Nxc5 21. dxc5
Rxe6 22. Rxe6 Qxe6 23. Qb3 Qe2 24. Qb7 Ra6 25. Rb1 f5 26. Qc8+ Kf7 27. Re1 Ra8
28. Qxa8 Qxd2 29. Rf1 Be5 30. Qxc6 Qxa5 31. Qxd5+ Kf6 32. Rd1 Qa4 33. c6 Qc2
34. Re1 Bd6 35. Re6+ Kg5 36. Rxd6 Qc1+ 37. Qd1 1-0

[Event "Ogolnopolski Integracyjny Turniej Szacho"]
[Site "Osrodek "]
[Date "2012.??.??"]
[Round "3.3"]
[White "Bakalarz, Leszek"]
[Black "Krawcewicz, Lucyna"]
[Result "1-0"]
[WhiteElo "2161"]
[BlackElo "1948"]
[PlyCount "65"]
[EventDate "2012.??.??"]

1. e4 e6 2. d4 c5 3. Nf3 cxd4 4. Nxd4 Nf6 5. Nc3 Bb4 6. e5 Nd5 7. Bd2 Bxc3 8.
bxc3 f5 9. c4 Nc7 10. Nb5 Nxb5 11. cxb5 O-O 12. Bb4 Rf7 13. Qd6 b6 14. Bd3 Bb7
15. O-O Qg5 16. f3 Qd8 17. a4 g5 18. Ra3 a5 19. Be1 Qf8 20. Bf2 Qxd6 21. exd6
h5 22. Bxb6 g4 23. Rc3 gxf3 24. gxf3 Bd5 25. Rc8+ Rf8 26. Rxf8+ Kxf8 27. c4 Bb7
28. Kf2 Kf7 29. Rg1 Nc6 30. bxc6 Bxc6 31. Bc2 Kf6 32. f4 Ra6 33. Bd4+ 1-0

[Event "Ogolnopolski Integracyjny Turniej Szacho"]
[Site "Osrodek "]
[Date "2012.??.??"]
[Round "3.4"]
[White "Najdzionek, Boleslaw"]
[Black "Szczepaniec, Stanislaw"]
[Result "1/2-1/2"]
[WhiteElo "1921"]
[BlackElo "2052"]
[PlyCount "86"]
[EventDate "2012.??.??"]

1. d4 Nf6 2. c4 g6 3. Nf3 Bg7 4. Nc3 d6 5. e3 O-O 6. Be2 c5 7. O-O Na6 8. h3
Bd7 9. Bd2 Rb8 10. d5 Nc7 11. a4 b6 12. Nh2 a6 13. Ng4 b5 14. Nxf6+ Bxf6 15.
axb5 axb5 16. cxb5 Nxb5 17. Qc2 Qb6 18. Rfb1 Be5 19. Bc4 f5 20. Qd3 f4 21. Nxb5
Bxb5 22. Bc3 Bxc4 23. Qxc4 Qb3 24. Qe4 fxe3 25. fxe3 Bxc3 26. bxc3 Qxc3 27.
Qe6+ Kh8 28. Qxe7 Rbe8 29. Qxd6 Qxe3+ 30. Kh1 Rd8 31. Qe6 Qg5 32. Rd1 Rf2 33.
Qe4 Qf5 34. Qxf5 Rxf5 35. d6 Kg7 36. g4 Re5 37. Ra7+ Kf6 38. Rxh7 Re6 39. Rc7
Rexd6 40. Rxd6+ Rxd6 41. Rxc5 g5 42. Rf5+ Kg6 43. Kg2 Ra6 1/2-1/2

[Event "Ogolnopolski Integracyjny Turniej Szacho"]
[Site "Osrodek "]
[Date "2012.??.??"]
[Round "3.5"]
[White "Krasowski, Slawomir"]
[Black "Dembowski, Andrzej"]
[Result "1/2-1/2"]
[WhiteElo "1999"]
[BlackElo "1911"]
[PlyCount "21"]
[EventDate "2012.??.??"]

1. Nf3 Nf6 2. g3 g6 3. Bg2 Bg7 4. c4 d6 5. d4 O-O 6. Nc3 c6 7. O-O Nbd7 8. e4
e5 9. dxe5 dxe5 10. Qc2 Qc7 11. b3 1/2-1/2

[Event "Ogolnopolski Integracyjny Turniej Szacho"]
[Site "Osrodek "]
[Date "2012.??.??"]
[Round "3.6"]
[White "Chmielowski, Stefan"]
[Black "Jelen, Janusz"]
[Result "0-1"]
[WhiteElo "1677"]
[BlackElo "1991"]
[PlyCount "72"]
[EventDate "2012.??.??"]

1. e4 e5 2. Nf3 d6 3. d4 exd4 4. Nxd4 Nf6 5. Bg5 Be7 6. Bd3 O-O 7. O-O c5 8.
Nf5 Bxf5 9. exf5 Nc6 10. c3 Ne5 11. Be2 Qb6 12. b3 Rad8 13. Nd2 d5 14. Qc2 Rfe8
15. a4 Qd6 16. Bf4 Nf3+ 17. Bxf3 Qxf4 18. g3 Qb8 19. Rfe1 Bd6 20. Rad1 Be5 21.
Nf1 d4 22. cxd4 Bxd4 23. Rxe8+ Nxe8 24. Kg2 Nd6 25. h4 Qc8 26. g4 g6 27. Ng3 b5
28. axb5 Nxb5 29. fxg6 hxg6 30. h5 Qe6 31. hxg6 fxg6 32. Qc4 Qxc4 33. bxc4 Nc3
34. Ra1 Rd7 35. Ne4 Nxe4 36. Bxe4 Bxa1 0-1

[Event "Ogolnopolski Integracyjny Turniej Szacho"]
[Site "Osrodek "]
[Date "2012.??.??"]
[Round "3.7"]
[White "Winiarski, Kazimierz"]
[Black "Strojek, Kazimierz"]
[Result "1/2-1/2"]
[WhiteElo "1941"]
[BlackElo "1737"]
[PlyCount "57"]
[EventDate "2012.??.??"]

1. d4 Nf6 2. Nf3 d6 3. g3 g6 4. Bg2 Bg7 5. c4 c6 6. Nc3 O-O 7. O-O Bf5 8. Nh4
Bg4 9. h3 Bd7 10. e4 Qc7 11. Be3 e5 12. Qd2 Re8 13. Rad1 Re7 14. f4 Nh5 15. Rf3
Bf6 16. dxe5 dxe5 17. f5 Bxh4 18. gxh4 f6 19. Rf2 Na6 20. Bf3 Ng7 21. fxg6 hxg6
22. Qd6 Qxd6 23. Rxd6 Be6 24. b3 Ne8 25. Rd1 Bxh3 26. Rfd2 b6 27. Ne2 Rh7 28.
Bf2 Be6 29. Kg2 1/2-1/2

[Event "Ogolnopolski Integracyjny Turniej Szacho"]
[Site "Osrodek "]
[Date "2012.??.??"]
[Round "3.8"]
[White "Relidzynski, Tadeusz"]
[Black "Niecko, Stanislaw"]
[Result "1/2-1/2"]
[WhiteElo "1913"]
[BlackElo "1828"]
[PlyCount "44"]
[EventDate "2012.??.??"]

1. e4 c5 2. Nf3 Nc6 3. d4 cxd4 4. Nxd4 g6 5. Be3 Bg7 6. Nc3 Nf6 7. Nb3 d6 8. f3
Be6 9. Qd2 O-O 10. O-O-O Ne5 11. Kb1 Nc4 12. Bxc4 Bxc4 13. g4 b5 14. g5 Nd7 15.
f4 a5 16. Nd5 a4 17. Nd4 Nc5 18. Qg2 Re8 19. Nb4 Qb6 20. Nd5 Qb7 21. f5 gxf5
22. Nxf5 e5 1/2-1/2

[Event "Ogolnopolski Integracyjny Turniej Szacho"]
[Site "Osrodek "]
[Date "2012.??.??"]
[Round "3.9"]
[White "Szydlowski, Wiktor"]
[Black "Salamon, Jan"]
[Result "1/2-1/2"]
[WhiteElo "1835"]
[BlackElo "1802"]
[PlyCount "40"]
[EventDate "2012.??.??"]

1. e4 c5 2. Nf3 d6 3. g3 Nf6 4. Nc3 a6 5. Bg2 e5 6. h3 h6 7. O-O Be7 8. d3 O-O
9. Be3 Be6 10. Ne2 Nc6 11. c4 b5 12. b3 b4 13. Kh2 a5 14. Nh4 Nd4 15. Bxd4 cxd4
16. f4 Rb8 17. Nf3 Qc7 18. fxe5 dxe5 19. g4 Nd7 20. Ng3 g6 1/2-1/2

[Event "Ogolnopolski Integracyjny Turniej Szacho"]
[Site "Osrodek "]
[Date "2012.??.??"]
[Round "3.10"]
[White "Zieba, Teofil"]
[Black "Pioch, Zygmunt"]
[Result "0-1"]
[WhiteElo "1772"]
[BlackElo "2120"]
[PlyCount "48"]
[EventDate "2012.??.??"]

1. e4 e5 2. Nf3 Nc6 3. Bb5 a6 4. Ba4 Nf6 5. O-O Be7 6. Re1 b5 7. Bb3 d6 8. c3
Bg4 9. d3 O-O 10. Nbd2 Na5 11. Bc2 c5 12. Nf1 h6 13. Ng3 Rc8 14. h3 Be6 15. Nh2
Nc6 16. Be3 d5 17. exd5 Nxd5 18. d4 Nxe3 19. Rxe3 cxd4 20. Qd3 f5 21. cxd4 Nb4
22. Qe2 Nxc2 23. Rxe5 Nxd4 24. Qd1 Bf6 0-1

[Event "Ogolnopolski Integracyjny Turniej Szacho"]
[Site "Osrodek "]
[Date "2012.??.??"]
[Round "3.11"]
[White "Zinczuk, Leon"]
[Black "Przybylowicz, Kazimierz"]
[Result "1/2-1/2"]
[WhiteElo "1907"]
[BlackElo "1732"]
[PlyCount "54"]
[EventDate "2012.??.??"]

1. e4 c5 2. Nf3 Nc6 3. d4 cxd4 4. Nxd4 Nf6 5. Nc3 e5 6. Ndb5 d6 7. Bg5 a6 8.
Na3 b5 9. Nd5 Be7 10. Bxf6 Bxf6 11. c3 O-O 12. Nc2 Bg5 13. Nce3 Bxe3 14. Nxe3
Be6 15. Bd3 Ne7 16. a4 Rb8 17. axb5 axb5 18. O-O d5 19. exd5 Nxd5 20. Qh5 Nf6
21. Qe2 Qb6 22. b4 e4 23. Bb1 Rfc8 24. Rc1 Ra8 25. Ba2 Bxa2 26. Rxa2 Rxa2 27.
Qxa2 Qb7 1/2-1/2

[Event "Ogolnopolski Integracyjny Turniej Szacho"]
[Site "Osrodek "]
[Date "2012.??.??"]
[Round "3.12"]
[White "Borkowski, Jozef"]
[Black "Karolak, Jan"]
[Result "0-1"]
[WhiteElo "1717"]
[BlackElo "1906"]
[PlyCount "90"]
[EventDate "2012.??.??"]

1. e4 Nf6 2. e5 Nd5 3. c4 Nb6 4. d4 d6 5. f4 dxe5 6. fxe5 Nc6 7. Nf3 Bg4 8. Be3
e6 9. Be2 Qd7 10. Nc3 h6 11. Qd2 O-O-O 12. O-O-O Na5 13. c5 Nbc4 14. Qd3 Nxe3
15. Qxe3 Be7 16. Kb1 Nc6 17. d5 exd5 18. Nxd5 Qe6 19. Bc4 Qg6+ 20. Ka1 Bg5 21.
Qb3 Rhe8 22. Bb5 Bxf3 23. gxf3 Qe6 24. h4 Be7 25. f4 Bxc5 26. Rh2 Nd4 27. Rxd4
Bxd4 28. Bxe8 Rxd5 29. Bb5 Rc5 30. Bd3 Rc1+ 31. Bb1 Qf5 32. Rc2 Rxc2 33. Bxc2
Qxf4 34. a3 Qxe5 35. Qxf7 Bxb2+ 36. Ka2 b6 37. Bd3 Kb7 38. Qc4 b5 39. Be4+ Kb6
40. Qc6+ Ka5 41. Qc2 Bd4 42. Bd3 Qd5+ 43. Kb1 Qc5 44. Qb3 a6 45. h5 Qe5 0-1